| 000 -CABECERA |
| Longitud fija campo de control |
00607nam a2200169 a 4500 |
| 001 - NÚMERO DE CONTROL |
| Número de control |
1213 |
| 003 - IDENTIFICADOR DEL NÚMERO DE CONTROL |
| Identificador del número de control |
CDMR |
| 005 - FECHA Y HORA DE LA ÚLTIMA TRANSACCIÓN |
| Fecha y hora de la última transacción |
20131107172040.0 |
| 008 - CÓDIGOS DE INFORMACIÓN DE LONGITUD FIJA |
| Códigos de información de longitud fija |
130130s ||||||||||||||||||||||||||||d |
| 040 ## - FUENTE DE LA CATALOGACIÓN |
| Centro catalogador de origen |
CDMR |
| Lengua de catalogación |
cat |
| Centro transcriptor |
CDMR |
| 110 2# - PUNTO DE ACCESO PRINCIPAL-NOMBRE DE ENTIDAD CORPORATIVA |
| Nombre de entidad corporativa o nombre de jurisdicción como elemento inicial |
Federación de Asociaciones de la Prensa de España |
| 9 (RLIN) |
949 |
| 245 10 - MENCIÓN DE TÍTULO |
| Título |
Estatutos de la Federación de Asociaciones de la Prensa de España |
| Resto del título |
: aprobados en Asamblea Extraordinaria celebrada en Lanzarote el día 8 de junio de 2001 |
| 260 ## - PUBLICACIÓN, DISTRIBUCIÓN, ETC. (PIE DE IMPRENTA) |
| Nombre del editor, distribuidor, etc. |
FAPE |
| Fecha de publicación, distribución, etc. |
2001 |
| 300 ## - DESCRIPCIÓN FÍSICA |
| Extensión |
[16] f. |
| Dimensiones |
30 cm |
| 610 2# - PUNTO DE ACCESO ADICIONAL DE MATERIA - NOMBRE DE ENTIDAD CORPORATIVA |
| 9 (RLIN) |
949 |
| Nombre de entidad corporativa o nombre de jurisdicción como elemento inicial |
Federación de Asociaciones de la Prensa de España |
| 942 ## - ENTRADA DE ELEMENTOS AGREGADOS (KOHA) |
| Koha [por defecto] tipo de item |
Fullets |
| Fuente de clasificaión o esquema |
|